| 000 | 00813nam a2200241 i 4500 | ||
|---|---|---|---|
| 001 | 67322 | ||
| 003 | ES-MaACL | ||
| 005 | 20231229062524.0 | ||
| 007 | t| | ||
| 008 | 040518s2003 mx ||||1| spa d | ||
| 020 | _a970-32-0361-2 | ||
| 080 | _a1 Ortega y Gasset, José | ||
| 100 | 1 |
_aArriola, Juan Federico. _923327 |
|
| 245 | 1 | 3 |
_aLa libertad, la autoridad y el poder en el pensamiento filosófico de José Ortega y Gasset / _cJuan Federico Arriola. |
| 250 | _a[1ª ed.]. | ||
| 260 |
_aMéxico : _bInstituto de Investigaciones Jurídicas, _c2003. |
||
| 300 |
_a120 p. ; _c21 cm. |
||
| 490 | 1 |
_aEstudios jurídicos ; _v41 |
|
| 600 | 1 | 4 |
_aOrtega y Gasset, José, _d1883-1955 _987503 |
| 830 | 0 |
_aEstudios jurídicos ; _v41 _9183446 |
|
| 852 |
_aES-MaACL _jL-27565 _bR.133091 |
||
| 999 |
_c67322 _d67322 |
||